00419nam a2200133 a 4500008004100000050001800041100002200059245008400081260004000165300002200205350000900227650003600236650001300272120416s1979 ||||||||||||||||| || u aHD 4140.5 Maz aMazzolini, Renato10aGovernment controlled enterprises: international strategic and policy decisions aNew YorkbJohn Wiley and Sonsc1979 axxiv, 400p : ill. a0.00 0aGOVERNMENT BUSINESS ENTERPRISES 0aBUSINESS